000 00503nam a2200145Ia 4500
008 100204s9999 xx 000 0 und d
082 _b704
100 _aवरेरकर भार्गवराम विठ्ठल
245 _aअ - पूर्व बंगाल
260 _b"बॉम्बे बुक डेपो, मुंबई"
_c1953
300 _a71
630 _aअ - पूर्व बंगाल
730 _aअ - पूर्व बंगाल
942 _cBOOK
999 _c445899
_d445896